| 000 | 01188cab a2200301 4500 | ||
|---|---|---|---|
| 001 | ABS38818 | ||
| 008 | 090401t1988 xxu||||| |||| 00| 0 eng d | ||
| 035 | _a(Sirsi) u12538 | ||
| 041 | _aeng | ||
| 100 | _aDenyer-Green, Barry P. D. | ||
| 245 | _aDischarge or modification of restrictive covenants | ||
| 260 | _c1988 | ||
| 350 | _a0 | ||
| 490 |
_aEstates Gazette _v(8807) 20 February 1988, 63-67(3) |
||
| 520 | _aExamines the extent of the power of the Lands Tribunal under the Law of Property Act 1925 s84(1), to discharge or modify restrictive covenants in planning agreements. Highlights relevant LT decisions and case law throughout and draws conclusions from their findings. References. | ||
| 650 | _aABBEY HOMESTEADS DEVELOPMENTS LTD V NORTHAMPTONSHIRE CC | ||
| 650 | _aGILBERT V SPOOR | ||
| 650 | _aRE BEECHAM GROUP LTD S APPLICATION | ||
| 650 | _aRE COXS APPLICATION | ||
| 650 | _aRE GROVESS APPLICATION | ||
| 650 | _aRE KENTWOOD PROPERTIES LTD S APPLICATION | ||
| 650 | _aRE MARTINS APPLICATION | ||
| 650 | _aRIDLEY V TAYLOR | ||
| 650 | _aTOWN AND COUNTRY PLANNING ACT 1971 S52 | ||
| 690 | _aPLANNING LAW AND PRACTICE | ||
| 942 | _n0 | ||
| 948 | _c04/03/1997 | ||
| 999 |
_c8013 _d8013 |
||